Štúdio tanca
Salvato in:
| Autore principale: | |
|---|---|
| Altri autori: | |
| Natura: | Manoscritto Libro |
| Lingua: | slovacco |
| Pubblicazione: |
Bratislava
2016
|
| Soggetti: | |
| Accesso online: | http://is.stuba.sk/zp/portal_zp.pl?podrobnosti=93788 |
| Tags: |
Nessun Tag, puoi essere il primo ad aggiungerne!!
|
MARC
| LEADER | 00000ntm a22000003a 4500 | ||
|---|---|---|---|
| 001 | stuzp57818 | ||
| 003 | SK-STU | ||
| 005 | 20210216091547.5 | ||
| 007 | ta | ||
| 008 | 150427s2015----xo-----f-mn---000-0-slo-d | ||
| 040 | |a STU |b slo | ||
| 041 | 0 | |a slo | |
| 100 | 1 | |a Balciarová, Jana |u 051110 |4 aut |U FAD Fakulta architektúry |T FA Ústav architektúry obytných budov |X 61925 |U A1110 |Y 392 |7 61925 | |
| 242 | 0 | 1 | |a štúdio tanca |y eng |
| 245 | 1 | 0 | |a Štúdio tanca |
| 260 | |c 2016 |a Bratislava | ||
| 650 | 4 | |a tanec |2 slo | |
| 650 | 4 | |a kultúra |2 slo | |
| 650 | 4 | |a umenie |2 slo | |
| 650 | 4 | |a dance |2 eng | |
| 650 | 4 | |a culture |2 eng | |
| 650 | 4 | |a art |2 eng | |
| 700 | 1 | |a Pavúk, Ján |u 051110 |k Z1 |4 ths |U FAD Fakulta architektúry |T FA Ústav architektúry obytných budov |X 38065 |U A1110 |Y 392 |7 A000038065 | |
| 856 | 4 | |u http://is.stuba.sk/zp/portal_zp.pl?podrobnosti=93788 |u https://opac.crzp.sk/?fn=detailBiblioForm&sid=28C7416B5E23CF19947470CEF8E1 | |
| SQL | |a stuzp57818 |b DBP |c SLO |d Štúdio tanca |e 61925 |f Balciarová, Jana |g 051110 |h 38065 |i Pavúk, Ján |j 20160609 |k 149 |l 05 |m http://is.stuba.sk/zp/portal_zp.pl?podrobnosti=93788 |n B-AU |o 5.1.1. architektúra a urbanizmus | ||